02822nam a2200529Ia 45000010005000000080041000050100009000460410014000550820015000692450127000842600017002113000008002285200007002366300022002436300024002656500022002896900014003117000041003257000032003667000033003989010074004319020006005059030049005119040018005609050022005789060006006009070014006069080014006209090057006349100015006919110010007069120014007169130009007309140024007399150019007639160009007829170009007919180014008009190017008145201402008319210007022339220007022409230006022479240014022539420010022679990015022771946241029s9999 xx 000 0 und d a1825 aEspañol aM.C.S. 004 0aEstudio de las estructuras y variables socio-económicas en la Comunidad de Guananico, Puerto Plata en la actualidad 2010 aPuerto Plata a121 a27 aCiencias Sociales aComunidad Educativa aCiencias Sociales aElaborado easesora De León Castillo, Leandra eautoraCastillo, Petronila  eautoraJenao, Arelys Omaira  a{"1":"Castillo","2":"Jenao"}b{"1":"Petronila ","2":"Arelys Omaira "} a1 a{"1":" De León Castillo"}b{"1":"Leandra"} aMagíster en aCiencias Sociales a2 aNO APLICA aNO APLICA aISFODOSU, Recinto Luís Napoleón Núñez Molina aNULLbNULL a["1"] aNO APLICA aNULL a12 de Enero de 2010 a01/07/15 11:07 aNULL aNULL aNO APLICA a["231","45"] aLos principales propósitos del estudio consistieron en conocer los diferentes aspectos socioeconómicos y poblacionales del municipio de Guananico en la actualidad, así como determinar las características de la población de Guananico. También pretendió analizar los aspectos sociales y conocer la situación económica del municipio. Para el alcance de los objetivos, el estudio empleó una metodología de corte cuantitativo y se fundamentó en los métodos descriptivo, exploratorio y la observación. Como instrumento se utilizó una guía de entrevista. Se trabajó con una muestra de siete sectores del municipio. Los resultados se presentaron a través de una estadística descriptiva con medias, tablas y gráficas.Los resultados indican que los antecedentes socioeconómicos del municipio no se encuentran de manera documental, lo que dificulta su conocimiento, además, destacan que la población se clasifica en clase alta, media y baja y que el sexo predominante en la clase alta es el masculino, lo cual se relaciona con el poder oligárquico que ejerce esta clase en el área económica del municipio.El estudio sugiere fortalecer la estructura municipal como medio de desarrollo del municipio y que la clase alta cree pequeñas industrias agropecuarias, donde se procesen los productos de este renglón y se empleen los integrantes de la clase baja. a11 a11 a0 aNO APLICA cTesis c1825d1825